| 000 | 00404nam a22001217a 4500 | ||
|---|---|---|---|
| 082 | _a200 THE | ||
| 100 |
_aIkhlaq Ahmed _970717 |
||
| 245 | _aTH-SOF-1080-Knowledge Enhanced Experience Reuse for Requirements Engineering Decision Support (KEEREDECS) | ||
| 260 |
_aISLAMABAD _bNUST COLLEGE OF EME _c2014 |
||
| 650 |
_aMS-CSE-10 MSTHESIS _970287 |
||
| 700 |
_aSUPERVISOR DR. AASIA KHANUM _970573 |
||
| 942 | _cCF | ||
| 999 |
_c577625 _d577625 |
||